000 00224nam a2200121Ia 4500
100 _aNADAR NARAYANAN
942 _cBK
366 _f25
245 _aSTATISCS
260 _bP.H.I.
_c2011
300 _a438
546 _aENGLISH
999 _c32904
_d32904